Grundbegriffe des Völkerrechts / (Record no. 78925)

MARC details
000 -LEADER
campo de control de longitud fija 00382nam a2200145 i 4500
001 - NÚMERO DE CONTROL
campo de control 78925
003 - IDENTIFICADOR DE NÚMERO DE CONTROL
campo de control ES-MaACL
007 - CAMPO FIJO DE DESCRIPCIÓN FÍSICA--INFORMACIÓN GENERAL
campo de control de longitud fija t|
008 - DATOS DE LONGITUD FIJA--INFORMACIÓN GENERAL
campo de control de longitud fija 041018s1912 gw ||||1| ger d
100 1# - ENTRADA PRINCIPAL--NOMBRE DE PERSONA
Nombre de persona Heilborn, Paul.
9 (RLIN) 62347
245 10 - MENCIÓN DEL TÍTULO
Título Grundbegriffe des Völkerrechts /
Mención de responsabilidad, etc. von Paul Heilborn.
260 ## - PUBLICACIÓN, DISTRIBUCIÓN, ETC.
Lugar de publicación, distribución, etc. Stuttgart :
Nombre del editor, distribuidor, etc. W. Kohlhammer,
Fecha de publicación, distribución, etc. 1912.
300 ## - DESCRIPCIÓN FÍSICA
Extensión 110 p.
852 ## - LOCALIZACIÓN
Ubicación ES-MaACL
Número de control de estantería G-14043
Holdings
Estatus retirado Estado de pérdida Estado de daño No para préstamo Biblioteca de origen Biblioteca actual Ubicación en estantería Fecha de adquisición Fuente de adquisición Total de préstamos Signatura topográfica completa Código de barras Visto por última vez Precio de reemplazo Tipo de ítem Koha
        Biblioteca del Ateneo de Madrid Biblioteca del Ateneo de Madrid Sala Pecera Planta 3 17/01/2008     G-14043 1082538 23/02/2023 23/02/2023 Libro impreso